1290 1675 1214 1303 1555 1762 1034 1485 1984 1259 1131 1215 1831 1558 1625 1286 1691 1255 1210 1023 1871 1555 1434 1849 1732 1130 1701 1921 1646 1017 1734 1186 1265 1329 2000 1240 1138 1774 1836 1991 1730 1431 1467 1963 1830 1383 1283 1988 1009 1023 1669 1879 1060 1381 1275 1464 1492 1436 1247 1071 1377 1640 1022 1209 1944 1041 1498 1421 1573 1454 1172 1854 1814 1623 1687 1137 1147 1726 1403 1202 1167 1960 1164 1223 1181 1585 1596 1017 1728 1470 1334 1479 1383 1651 1139 1133 1097 1972 1473 BCNSPRNW ULIB Ver.6.0+V

เปลี่ยนเป็นภาษาไทย

Change to English
 แสดงรายละเอียดบรรณานุกรม
  กลับหน้าหลัก

Brief Record : Get Marc (ISO 2709) : E-mail record : QR code < ปิดหน้าต่าง
LEADER : 00000nam 2200000uu 4500
001    13399110661
003     ULIB
008    110607s2551||||th 000 0 tha d
024    9789742585181
090    นว^bภ416s 2551
100 0  ภาคินัย
245 00 Lift ลิฟต์ซ่อนศพ^bภาคินัย
260    กรุงเทพฯ :^bโซฟา,2551
300    220 หน้า
945    ^p219^l0^i030130
995    เกษร
999    ^aใช้งานได้ทุกระบบ
รายการนี้ยังไม่มีแท็ก
คุณยังไม่ได้ล็อกอิน คุณสามารถมีกิจกรรมร่วมกับเว็บไซต์ได้ แต่ต้องล็อกอินก่อน ::
  ล็อกอิน

รายการสื่อสารสนเทศ

ลำดับที่ ประเภท เลขเรียก/บาร์โค้ด สถานที่ สถานะ
- ไม่พบข้อมูล -

รายการใกล้เคียง
    ผู้แต่ง [ภาคินัย]

BibComment


ยังไม่เคยถูกคอมเมนท์

คอมเมนท์ทรัพยากรรายการนี้
  คอมเมนท์: Lift ลิฟต์ซ่อนศพ ..


 Copyright 2026. Bcnsprnw @Library